| 000 | 00825nam a2200241 a 4500 | ||
|---|---|---|---|
| 001 | BRCA_2670 | ||
| 005 | 20190320203922.0 | ||
| 008 | 021208s1920----gw-#---###---#000-0#ger-# | ||
| 050 | 4 |
_aNK4483 _b.S34 1920 |
|
| 100 | 1 |
_aSchnorr v. Carolsfeld, Ludwig _97577 |
|
| 245 | 1 | 0 |
_aPorzellan der Europäischen fabriken des 18 Jahrhunderts _cvon Ludwing Schnorr v. Carolsfeld. |
| 260 |
_aBerlin _bRichard Carl Schmidt _c1920 |
||
| 300 |
_a296 p. _bil. _c22 cm. |
||
| 440 | 0 |
_aBibliothek fur und antyurlatensa mmler _97578 |
|
| 500 | _aLa biblioteca cuenta con otro ejemplar publicado en 1922 | ||
| 500 | _aIncluye índice alfabético | ||
| 500 | _aA118 | ||
| 650 | 1 | 4 |
_aPorcelana _eColeccionistas y colecciones _91509 |
| 650 | 1 | 4 |
_aPorcelana _zEuropa _97579 |
| 650 | 1 | 4 |
_aPorcelana _eHistoria _91509 |
| 902 | _aGFM | ||
| 942 |
_2lcc _cB |
||
| 999 |
_c2410 _d2410 |
||